00974nam a2200253 a 4500001001000000003000900010005001700019008004100036020001500077040002500092082002400117100004200141245006900183250001100252260005100263300002100314500007400335650005400409650004300463910003700506942001400543952014600557999001700703000045600DO-SdBNP20240708114459.0150416s1987 dr 000 0 spa d a8489532001 aDO-SdBNPbspacBNPHU 4a336.7293bH565f2221 aHerrera, César A.,d1910-19889833314aLas finanzas de la República Dominicana /cCésar A. Herrera. a3a ed. aSanto Domingo :bEdiciones Tolle, Lege,c1987. a458 p. ;c21 cm. aIncluye referencias bibliográficas y notas al pie de las páginas. 4aHacienda pública zRepública Dominicana96562 4aFinanzaszRepública Dominicana96442 aValidado. Control de calidad MFF 2ddccLBS1 00102ddc51708PDaBNPHUbBNPHUcHDd2015-04-16iLF1l0oBNPHU PD 336.7293 H565f 1987p45600-10r2020-06-25w2020-06-25yLBS1ZNo se presta c45089d45089